000 00344nam a2200133Ia 4500
005 20260328101450.0
008 260328s9999||||xx |||||||||||||| ||und||
100 _aNiesiolowska, Katia
245 0 _aCasa Guatemalteca /
_cKatia Niesiolowska
260 _bVillegas Editores
300 _a245 p.
650 _aARQUITECTURA RESIDENCIAL
942 _cBK
999 _c8624
_d8624